Kasaysayan ng Filipinas at mga institusyong Filipino (Record no. 17045)
[ view plain ]
| 000 -LEADER | |
|---|---|
| fixed length control field | 01814nam a22003735a 4500 |
| 001 - CONTROL NUMBER | |
| control field | 14180470 |
| 003 - CONTROL NUMBER IDENTIFIER | |
| control field | OSt |
| 005 - DATE AND TIME OF LATEST TRANSACTION | |
| control field | 20140310182857.0 |
| 008 - FIXED-LENGTH DATA ELEMENTS--GENERAL INFORMATION | |
| fixed length control field | 051125s2003 ph a b f000 0 tgl |
| 010 ## - LIBRARY OF CONGRESS CONTROL NUMBER | |
| LC control number | 2005345398 |
| 020 ## - INTERNATIONAL STANDARD BOOK NUMBER | |
| International Standard Book Number | 9716350163 |
| 040 ## - CATALOGING SOURCE | |
| Original cataloging agency | DLC |
| Transcribing agency | DLC |
| 042 ## - AUTHENTICATION CODE | |
| Authentication code | lcode |
| 043 ## - GEOGRAPHIC AREA CODE | |
| Geographic area code | a-ph--- |
| 050 ## - LIBRARY OF CONGRESS CALL NUMBER | |
| Classification number | DS668 |
| Item number | .G868 2003 |
| 082 ## - DEWEY DECIMAL CLASSIFICATION NUMBER | |
| Classification number | F959.902 |
| Item number | .G846 2003 |
| 245 00 - TITLE STATEMENT | |
| Title | Kasaysayan ng Filipinas at mga institusyong Filipino |
| Statement of responsibility, etc | Eden M. Gripaldo |
| 260 ## - PUBLICATION, DISTRIBUTION, ETC. (IMPRINT) | |
| Place of publication, distribution, etc | Diliman : |
| Name of publisher, distributor, etc | Sentro ng Wikang Filipino, Unibersidad ng Pilipinas, |
| Date of publication, distribution, etc | 2003. |
| 300 ## - PHYSICAL DESCRIPTION | |
| Extent | xvii, 359 p. : |
| Other physical details | ill. ; |
| Dimensions | 26 cm. |
| 440 #0 - SERIES STATEMENT/ADDED ENTRY--TITLE | |
| Title | Aklat ili |
| 504 ## - BIBLIOGRAPHY, ETC. NOTE | |
| Bibliography, etc | Includes bibliographical references. |
| 505 0# - FORMATTED CONTENTS NOTE | |
| Formatted contents note | Ang pook, panahon, at kultura sa kasaysayan ng Filipinas -- Ang sinaunang kasaysayan ng Filipinas, mula panahong prehistoriko hanggang protohistoriko, 20,000 BC-1565 AD -- Pamayanang Filipino sa panahon ng mga pananakop na Espanyol, 1565-1745 -- Pagbubuo ng isang pambansang lipunang Filipino, 1745-1892 -- Ang himagsikang Filipino at ang pagkabuo ng bansang Filipino, 1892-1903 -- Ang pagbubuklod ng bansa laban sa imperyalismo, 1902-1946 -- Mula sa pagsasarili hanggang sa panahon ng rebolusyong EDSA, 1946-1986 -- Kontemporanyong Filipinas at ang kinabukasan, 1986 hanggang kasalukuyan. |
| 520 ## - SUMMARY, ETC. | |
| Summary, etc | History of the Philippines and the Philippine institutions from prehistoric era until the present time. |
| 521 ## - TARGET AUDIENCE NOTE | |
| Target audience note | |
| 526 ## - STUDY PROGRAM INFORMATION NOTE | |
| Reading level | 1210L to 1700L |
| 541 ## - IMMEDIATE SOURCE OF ACQUISITION NOTE | |
| -- | 1 |
| 546 ## - LANGUAGE NOTE | |
| Language note | In Tagalog. |
| 562 ## - COPY AND VERSION IDENTIFICATION NOTE | |
| Number of copies | for circulation. 1 copy available in the collection |
| 700 1# - ADDED ENTRY--PERSONAL NAME | |
| Personal name | Gripaldo, Eden M. |
| 710 2# - ADDED ENTRY--CORPORATE NAME | |
| Corporate name or jurisdiction name as entry element | Sentro ng Wikang Filipino. |
| 906 ## - LOCAL DATA ELEMENT F, LDF (RLIN) | |
| a | 7 |
| b | ibc |
| c | origode |
| d | 2 |
| e | ncip |
| f | 20 |
| g | y-gencatlg |
| 942 ## - ADDED ENTRY ELEMENTS (KOHA) | |
| Source of classification or shelving scheme | Library of Congress Classification |
| Koha item type | Books |
| Call number prefix | |
| Withdrawn status | Lost status | Source of classification or shelving scheme | Damaged status | Home library | Current library | Shelving location | Date acquired | Total Checkouts | Total Renewals | Full call number | Barcode | Date last seen | Date checked out | Copy number | Price effective from | Koha item type |
|---|---|---|---|---|---|---|---|---|---|---|---|---|---|---|---|---|
| Library of Congress Classification | College Library | South SEED-LPDH College Library | Filipiniana Section | 06/08/2012 | 2 | 4 | DS668 .G868 2003 | C14789 | 10/29/2018 | 10/17/2018 | 1 | 06/08/2012 | Books |